000 00391 a2200121 4500
001 ART_14548
005 20260410161915.0
008 260409a
245 1 0 _aCaracteristicas y funcionamiento del sector informal:
100 1 _aTokman, Víctor E.
700 1 _aSouza, Paulo R.
773 0 _tRevista Paraguaya de Sociología
_g- Año 11, Nº 31 (set./dic. 1974)
_wREV13424
999 _c27208
_d27208